| 000 | 00682cam a22002291 4500 | ||
|---|---|---|---|
| 001 | med47002261 | ||
| 003 | DLC | ||
| 005 | 20260227111605.0 | ||
| 008 | 820128s1940 xx 000 0 ger | ||
| 010 | _amed47002261 | ||
| 035 | _a(OCoLC)14746894 | ||
| 040 |
_aDLC _cDNLM _dDLC |
||
| 042 | _apremarc | ||
| 050 | 0 | 0 |
_aRS73.S4 _bS3 |
| 060 | 0 | 0 |
_aWZ 100 _bS489S 1940 |
| 060 | 0 | 0 | _aFilm 7131 no. 2 |
| 100 | 1 |
_aSchumann, Otto, _d1895- |
|
| 245 | 1 | 0 |
_aMorphium; Lebensroman des Entdeckers des Morphiums, _bFriedrich Wilhelm Sertürner. |
| 260 |
_aBerlin [etc.] _bDeutscher Apotheker-Verlag _c[c1940] |
||
| 300 |
_a388 p. _bill., ports. |
||
| 500 |
_aMicrofilmed for preservation _5DNLM |
||
| 999 |
_c38545 _d38545 |
||